000 01197nam a2200337 i 4500
001 000012480
003 DO-SdBNP
005 20250219133529.0
007 ta
008 091113s1985 dr a 000 j spa d
040 _aDO-SdBNP
_bspa
_cBNPHU
_erda
041 _aspa
082 4 _aRD863.44
_bH557m
_222
100 1 _aHernández, Ángela,
_d1954-
_92564
_4aut.
_eautor
245 1 4 _aLas mariposas no temen a los cactus /
_cAngela Hernández.
264 1 _aSanto Domingo :
_bUniversitaria-UASD,
_c1985.
300 _a82 páginas :
_bilustraciones ;
_c21 cm.
336 _atexto
_btxt
_2rdacontent
337 _asin mediación
_bn
_2rdamedia
338 _avolumen
_bnc
_2rdacarrier
490 1 _aPublicaciones de la Universidad Autonoma de Santo Domingo
_v368
490 1 _aArte y sociedad
_v17
500 _aIncluye datos biográficos de la autora en la contra cubierta
590 _aInventariado, 2019/BT
650 4 _aCuentos dominicanos
_9176
650 4 _aLiteratura dominicana.
_967
710 1 _aUniversidad Autónoma de Santo Domingo
_972951
830 0 _aUniversidad Autónoma de Santo Domingo
_v368
_pArte y sociedad
_n17
_929204
910 _aValidado, 2019/MFF
942 _2ddc
_cLBS1
999 _c12136
_d12136